Úvod do normotvorby státní správy v ČSSR

Salvato in:
Dettagli Bibliografici
Autore principale: Šrámek, Aleš
Natura: Libro
Lingua:ceco
Pubblicazione: Praha Ústav státní správy 1983
Tags: Aggiungi Tag
Nessun Tag, puoi essere il primo ad aggiungerne!!

MARC

LEADER 00000nam a2200000 4500
001 c116679
005 20250929074910.1
041 0 |a cze 
044 |a CZ 
245 1 0 |a Úvod do normotvorby státní správy v ČSSR  |c Aleš Šrámek 
264 1 |a Praha  |b Ústav státní správy  |c 1983 
300 |a 153 s. 
100 1 |a Šrámek, Aleš